| 000 | 00806nam a2200229Ia 4500 | ||
|---|---|---|---|
| 999 |
_c56561 _d56561 |
||
| 001 | 23675 | ||
| 003 | GE_BSU | ||
| 005 | 20260312173039.0 | ||
| 008 | 181216s2007||||ge |||||||||||||| ||geo|| | ||
| 020 | _a9992843187 | ||
| 040 | _cGE_BSU | ||
| 041 | _ageo | ||
| 080 | _a94(479.223) ც-51 | ||
| 100 |
_aცეცხლაძე, შ. _927125 |
||
| 245 |
_aშუბანი და შუბნელები / _cშ. ცეცხლაძე ; რედ.: ა. ფუტკარაძე. |
||
| 264 |
_aბათუმი : _bალიონი, _c2007. |
||
| 300 |
_a325 გვ. : _bილ. ; _c21სმ. |
||
| 541 | _h10 ლ. | ||
| 653 | _aშუბანი და შუბნელები | ||
| 700 |
_aფუტკარაძე, ა. _eრედაქტორი _927126 |
||
| 942 |
_cBK _2udc |
||